000 00426nam a2200157Ia 4500
005 20250923144716.0
008 008 250917s9999 xx 000 0 eng d
037 _aTextual
040 _aDSWL
_beng
_cDSWL
041 _aeng
_2eng
084 _aY15.2'N, N29
_qDSWL
245 0 _aWomen in modern India
_cEd. by Evelync Gedge
260 _b. .
_c1937
942 _cTEXL
_hY15.2'N, N29
999 _c1442346
_d1442346